Vista normal Vista MARC

Entrada Topical Term

Número de registros utilizados en: 1

001 - CONTROL NUMBER

  • control field: 37437

003 - CONTROL NUMBER IDENTIFIER

  • control field: OSt

005 - DATE AND TIME OF LATEST TRANSACTION

  • control field: 20210505145435.0

008 - FIXED-LENGTH DATA ELEMENTS

  • fixed length control field: 210505|| aca||aabn | a|a d

040 ## - CATALOGING SOURCE

  • Original cataloging agency: OSt
  • Transcribing agency: OSt

150 ## - HEADING--TOPICAL TERM

  • Topical term or geographic name entry element: Historia económica

670 ## - SOURCE DATA FOUND

  • Source citation: Work cat.: (OSt)11649: Robbins, Lionel, autor 26081, El problema económico en la paz y en la guerra / , 1949.